000 00801nas a2200265 4500
001 BR9207590
003 BR-BrBNA
005 20231205093022.0
007 ta
008 230509b bl.|||p| |||| 00| 00por d
040 _aBR-BrBNA
_bpor
_cBiblioteca Nacional de Agricultura
041 _a(Pt)
072 _aL60
100 1 _aAssis, R. de C.F.
245 1 _aLevantamento da malacofauna da Baia de Todos os Santos e arredores de Salvador. Parte 5 - Classe Gastropoda - Ordem mesogastropoda
650 _aMOLUSCO
650 _aMALACOLOGIA
650 _aFAUNA
650 _aTAXONOMIA
650 _aVARIEDADE
650 _aBAHIA
773 0 _tNatura (Brazil)
_xISSN 0100-1833
_g(Jan-Dec 1978), v. 4(1-2) p. 41-55
_wBR9207590
909 _a202311
_bLúcia
_c55
_dLúcia Elande
942 _2AGRIS
_n0
_cANA
999 _c135674
_d135674